000 01535cam a2200361 a 4500
001 EDZ0000067632
003 StDuBDS
005 20161031105100.0
006 m||||||||d||||||||
007 cr |||||||||||
008 120405s2003 enk fo| 001|0|eng d
020 _a9781446221969 (ebook) :
_cNo price
040 _aStDuBDS
_beng
_cStDuBDS
_epn
049 _aAlfaisal Main Library
050 0 _aJA66
_b.M34 2003
082 0 4 _a306.2
_223
100 1 _aMcAuley, James W.
245 1 3 _aAn introduction to politics, state and society
_h[electronic resource] /
_cJames W. McAuley.
260 _aLondon :
_bSAGE,
_cc2003.
300 _a1 online resource ([viii], 232 p.)
504 _aIncludes bibliographical references and index.
520 8 _aThis text introduces the central theories and issues in current political sociology, and demonstrates that politics cannot be properly understood purely in terms of its institutions. It also enables students to learn the importance of the broader relationships between society, social structure and power.
521 _aSpecialized.
588 _aDescription based on print version record.
650 0 _aPolitical sociology.
650 0 _aState, The.
651 0 _aGreat Britain
_xPolitics and government
_y1945-
655 7 _aElectronic books.
_2local
710 2 _aSage eBooks
776 0 8 _iPrint version :
_z9780803979321
856 4 0 _uhttp://ezproxy.alfaisal.edu/login?url=http://sk.sagepub.com/books/an-introduction-to-politics-state-and-society
942 _2lcc
_cEBOOKS
999 _c479002
_d479002